Non-Polar Amino Acids - Statistics

General Stats
  • This quiz has been taken 296 times
  • The average score is 7 of 8
Answer Stats
Answer % Correct
Leucine
95%
Alanine
93%
Isoleucine
93%
Valine
91%
Proline
86%
Methionine
85%
Phenylalanine
82%
Tryptophan
81%
No matching quizzes found
Score Distribution
Percent of People with Each Score
Percentile by Number Answered
Your Score History
You have not taken this quiz